À quel pays appartiennent ces villes ? 🌍 - Statistiques

Statistiques générales
  • Ce quiz a Ă©tĂ© pris 78 fois
  • Le rĂ©sultat moyen est 11 sur 15
Statistiques - réponses
Hint Réponse % Correct
Nice France
96%
Guadalajara Mexique
94%
Kobe Japon
86%
Tbilissi Géorgie
83%
Thessalonique Grèce
83%
Split Croatie
81%
Oulan Bator Mongolie
79%
Cusco Pérou
76%
Medine Arabie saoudite
69%
Darwin Australie
69%
Da Nang Vietnam
68%
Valparaiso Chili
60%
Kigali Rwanda
51%
Ostrava République Tchèque
40%
Cap Skirring Sénégal
14%
Aucun quiz correspondant
Distribution des résultats
% des personnes avec chaque résultat
Percentile par nombre de réponses
Votre historique - résultats
Vous n’avez pas pris ce quiz